000 00390 a2200169 4500
001 157216
020 _a9788593828669
040 _cEscola São Tomás de Aquino
100 _aALEIXO, Ricardo
240 1 0 _aPesado demais para a ventania
_lpor
245 1 0 _aPesado demais para a ventania
300 _a200 p.
362 0 _a2018
440 1 _aTodavia
697 _aPoesia
942 _cBK
999 _c157216
_d157216